000
00289 a2200133 4500
001
155638
040
_c
Escola São Tomás de Aquino
100
_a
HORN, Alice
240
1
0
_a
Alô, papai!
_l
por
245
1
0
_a
Alô, papai!
440
1
_a
FTD
697
_a
*LITERATURA INFANTIL
942
_c
BK
999
_c
155638
_d
155638